000 01064cam a22002535a 4500
008 030113s2003 xxk f 001 0 eng d
020 _a0199254524
035 _a(Sirsi) u120982
041 0 _aeng
050 0 4 _a346.410434 $2 18
100 1 _aGarner, Simon
245 0 2 _aA practical approach to landlord and tenant
250 _a3rd ed.
260 _aOxford
_bOxford University Press
_c2002
300 _alxxiii, 630p.
_c23cm.
350 _a28.95
520 _aProvides a systematic guide to the principles of landlord and tenant law. Includes an analysis of the various statutory codes applying to both residential and business tenancies. This updated edition also covers the Civil Procedure Rules, the Human Rights Act, leasehold reform and the introduction of commonhold. Agricultural tenancies, service charges and management of long leases are also covered.
650 2 4 _aRENT ACT 1977
650 2 4 _aHOUSING ACT 1985
650 2 4 _aHOUSING ACT 1988
651 4 _aEngland and Wales
_y1543-
690 _aLandlord and tenant
_96252
942 _n0
999 _c102589
_d102589